Statistics for Largest Australian Cities (by population)

Click here to take the quiz!

General Stats

  • This quiz has been taken 691 times
  • The average score is 11 of 15

Answer Stats

HintAnswer% Correct
4,667,283Sydney
100%
4,246,345Melbourne
99%
1,897,548Perth
98%
2,189,878Brisbane
96%
1,277,174Adelaide
95%
411,609Canberra-Queanbeyan
85%
131,678Darwin
84%
216,959Hobart
79%
590,889Gold Coast-Tweed
77%
418,958Newcastle-Maitland
68%
142,528Cairns
67%
171,971Townsville
54%
179,042Geelong
49%
282,099Wollongong
45%
110,472Toowoomba
20%

Score Distribution

Percentile by Number Answered

Percent of People with Each Score

Your Score History

You have not taken this quiz